The desert campaigns (Record no. 553105)
[ view plain ]
| 000 -LEADER | |
|---|---|
| fixed length control field | 00907cam a2200193K 4500 |
| 082 04 - DEWEY DECIMAL CLASSIFICATION NUMBER | |
| Classification number | 940.400962 |
| Author Mark | MAS |
| 100 1# - MAIN ENTRY--PERSONAL NAME | |
| Personal name | Massey, William Thomas. |
| 9 (RLIN) | 49616 |
| 245 14 - TITLE STATEMENT | |
| Title | The desert campaigns |
| Statement of responsibility, etc. | by W.T. Massey, official correspondent of London newspapers with the Egyptian Expeditionary Force; with illustrations from drawings by James McBey, official artist with the Egyptian Expeditionary Force. |
| 260 ## - PUBLICATION, DISTRIBUTION, ETC. | |
| Place of publication, distribution, etc. | New York, |
| -- | London, |
| Name of publisher, distributor, etc. | G.P. Putnam's Sons, |
| Date of publication, distribution, etc. | 1918. |
| 300 ## - PHYSICAL DESCRIPTION | |
| Extent | 1 online resource (xv, 174 p.) |
| Other physical details | front., plates, fold. map. |
| 526 ## - STUDY PROGRAM INFORMATION NOTE | |
| Program name | 0 |
| Interest level | 0 |
| Reading level | 0 |
| Title point value | 940_400962000000000_MAS |
| 650 #0 - SUBJECT ADDED ENTRY--TOPICAL TERM | |
| Topical term or geographic name entry element | MCE |
| 9 (RLIN) | 379 |
| 650 #0 - SUBJECT ADDED ENTRY--TOPICAL TERM | |
| Topical term or geographic name entry element | World War, 1914-1918 |
| General subdivision | Campaigns |
| Geographic subdivision | Arab countries. |
| 9 (RLIN) | 50375 |
| 650 #0 - SUBJECT ADDED ENTRY--TOPICAL TERM | |
| Topical term or geographic name entry element | World War, 1914-1918 |
| General subdivision | Campaigns |
| Geographic subdivision | Turkey. |
| 650 #0 - SUBJECT ADDED ENTRY--TOPICAL TERM | |
| Topical term or geographic name entry element | World War, 1914-1918 |
| Geographic subdivision | Egypt. |
| 9 (RLIN) | 50376 |
| 700 1# - ADDED ENTRY--PERSONAL NAME | |
| Personal name | McBey, James, |
| 9 (RLIN) | 49618 |
| 856 40 - ELECTRONIC LOCATION AND ACCESS | |
| Uniform Resource Identifier | <a href="http://catalog.hathitrust.org/api/volumes/oclc/1163314.html">http://catalog.hathitrust.org/api/volumes/oclc/1163314.html</a> |
| 942 ## - ADDED ENTRY ELEMENTS (KOHA) | |
| Source of classification or shelving scheme | |
| Koha item type | Book |
| Withdrawn status | Lost status | Source of classification or shelving scheme | Damaged status | Not for loan | Permanent Location | Current Location | Shelving location | Date acquired | Total Checkouts | Full call number | Barcode | Date last seen | Price effective from | Koha item type |
|---|---|---|---|---|---|---|---|---|---|---|---|---|---|---|
| Military College of Engineering (MCE) | Military College of Engineering (MCE) | 01/29/2015 | 940.400962 MAS | MCE-ECD /32 | 01/29/2015 | 01/29/2015 | Book |
